| 000 | 00000nas 2200000za 4500 |
| 001 | 9.843801 |
| 003 | CaOODSP |
| 005 | 20221107152615 |
| 007 | cr ||||||||||| |
| 008 | 170915d19801989oncqr p oss f000#a0eng|d |
| 022 | |y0225-3763 |
| 040 | |aCaOODSP|beng |
| 041 | |aeng|afre |
| 043 | |an-cn--- |
| 086 | 1 |aCS67-001P-PDF |
| 245 | 00|aQuarterly estimates of the Canadian balance of international payments |h[electronic resource] = |bEstimations trimestrielles de la balance canadienne des paiements internationaux. |
| 246 | 11|aEstimations trimestrielles de la balance canadienne des paiements internationaux |
| 246 | 13|aQuarterly estimates of the Canadian balance of international payments (preliminary) |
| 260 | |aOttawa : |bStatistics Canada = Statistique Canada, |c1980-1989. |
| 310 | |aQuarterly |
| 362 | 0 |a2nd quarter 1980-1st quarter 1989. |
| 490 | 0 |aInformation |
| 500 | |aDigitized edition from print [produced by Statistics Canada]. |
| 500 | |aIssues for 1st quarter 1985-1st quarter 1989 published in the series: Balance of payments. |
| 546 | |aText in English and French. |
| 692 | 07|2gccst|aTrade |
| 692 | 07|2gccst|aInvestments |
| 692 | 07|2gccst|aCapital |
| 710 | 2 |aStatistics Canada. |